Online Catalogue and eLibrary

Rethinking prostitution : (Record no. 338)

MARC details
000 -LEADER
fixed length control field 00757cam a2200241 a 4500
001 - CONTROL NUMBER
control field 4944075
005 - DATE AND TIME OF LATEST TRANSACTION
control field 20240208045332.0
008 - FIXED-LENGTH DATA ELEMENTS--GENERAL INFORMATION
fixed length control field 960423s1997 enk b 001 0 eng
020 ## - INTERNATIONAL STANDARD BOOK NUMBER
ISBN 0415122260 (hbk.)
020 ## - INTERNATIONAL STANDARD BOOK NUMBER
ISBN 0415102073 (pbk.)
040 ## - CATALOGING SOURCE (பட்டியலாக்க மூலம்)
Original cataloging agency DLC
Transcribing agency DLC
Modifying agency DLC
082 00 - DDC Classification
Class No. 306.74
DDC Edition Number 20
Item Number - Author Mark RET.
245 00 - TITLE STATEMENT
Title Rethinking prostitution :
Remainder of title purchasing sex in the 1990s /
Statement of responsibility, etc. edited by Graham Scambler and Annette Scambler.
260 ## - PUBLICATION, DISTRIBUTION, ETC.
Place of publication, distribution, etc. London ;
-- New York :
Name of publisher, distributor, etc. Routledge,
Date of publication, distribution, etc. 1997.
300 ## - PHYSICAL DESCRIPTION
Extent (e.g. Volumes, Pages etc.) xviii, 222 p. ;
650 #0 - SUBJECT ADDED ENTRY--TOPICAL TERM
Topical term or geographic name entry element Prostitution.
650 #0 - SUBJECT ADDED ENTRY--TOPICAL TERM
Topical term or geographic name entry element Sex industry.
650 #0 - SUBJECT ADDED ENTRY--TOPICAL TERM
Topical term or geographic name entry element Prostitutes
700 1# - ADDED ENTRY--PERSONAL NAME
Personal name Scambler, Graham.
Relator term (Role) Editor
700 1# - ADDED ENTRY--PERSONAL NAME
Personal name Scambler, Annette,
Relator term (Role) Editor
856 42 - ELECTRONIC LOCATION AND ACCESS
Uniform Resource Identifier <a href="http://www.loc.gov/catdir/enhancements/fy0649/96021382-d.html">http://www.loc.gov/catdir/enhancements/fy0649/96021382-d.html</a>
942 ## - Koha item type (Biblio)
Koha item type Books in Stacks (Lending)
Holdings
Lost status Damaged status Collection code Home library Current library Date acquired Full call number Accession Number Item type
    Lending WERC Library WERC Library 02/08/2024 306.74 RET. 2413 Books in Stacks (Lending)

© WERC Library